000 00766nam a22002417i 4500
003 URS
005 20220114152959.0
008 160505b xxu||||| |||| 00| 0 eng d
020 _a9789710388950
040 _erda
_cURSP-College Library
_beng
050 _b808.066 C26d 2010
100 1 _aCasela, Neliza Cayaban
245 _aDeveloping Technical Writing towards meeting academic challenges.
_cCasela, Neliza Cayaban
264 1 _aMandaluyong City
_bBooks Atbpages Pub. Corpages
_c2010.
300 _ax, 247pages
_c22cm
336 _atext
_btxt
_2rdacontent
337 _aunmediated
_bn
_2rdamedia
338 _avolume
_bnc
_2rdacarrier
500 _aIncludes bibliography
650 0 _aTechnical writing.
700 1 _aCuevas, George Jeffrey M.
942 _2lcc
_cF
999 _c7951
_d7951